000 00396nam a2200157Ia 4500
008 230917s9999||||xx |||||||||||||| ||und||
040 _e103107
_aMAIN
041 _aEnglish
082 _a658.3 M311P
100 _aMamoria, C B
245 0 _aPresonal management: text and cases
250 _a23rd ed.
260 _aMumbai
_bHimalaya Publishing House
_c2003
300 _a932p p.
942 _cBK
999 _c118110
_d118110